Normal view
MARC view
Entry Personal Name
001 - CONTROL NUMBER
- control field: 1239921
003 - CONTROL NUMBER IDENTIFIER
- control field: OSt
005 - DATE AND TIME OF LATEST TRANSACTION
- control field: 20260514122656.0
008 - FIXED-LENGTH DATA ELEMENTS
- fixed length control field: 260514|| aca||aabn | a|a d
040 ## - CATALOGING SOURCE
- Original cataloging agency: OSt
- Transcribing agency: OSt
100 ## - HEADING--PERSONAL NAME
- Personal name: Dr.Ajay Kumr
670 ## - SOURCE DATA FOUND
- Source citation: Work cat.: (OSt)1851610: Dr.Mohammed Uvaise S 1239920, Clinico-Biochemical Profile of Neonatal Pathological Unconjugated Hyperbilirubinemia with Reerence to Urinary Tract Infection.
